| 000 | 01037cam a2200277 i 4500 | ||
|---|---|---|---|
| 001 | 67779 | ||
| 003 | Mx-PuUPA | ||
| 005 | 20230705134450.0 | ||
| 008 | 180116s1999 mx a gr 000 0 spa d | ||
| 040 |
_aMX-PuUPA _bspa _erda _cMx-PuUPA _dMx-PuUPA |
||
| 041 | 1 |
_aspa _hnah |
|
| 245 | 1 | 0 |
_aDescubrimiento de un busto humano en los ojos de la Virgen de Guadalupe / _cCarlos Salinas, [editor] ; prólogo de José María Abascal Carranza |
| 250 | _a3a. edición | ||
| 264 | 1 |
_aMéxico, D.F. : _bEditorial Tradición, _c1999 |
|
| 300 |
_a153 páginas : _bilustraciones, facsímiles, diagramas ; _c23 cm. |
||
| 336 |
_atexto _2rdacontent _btxt |
||
| 337 |
_asin medio _2rdamedia _bn |
||
| 338 |
_avolumen _2rdacarrier _bnc |
||
| 546 | _aTexto en español y náhuatl. | ||
| 600 | 1 | 4 |
_aVirgen de Guadalupe _xApariciones y milagros |
| 700 | 1 |
_aSalinas, Carlos, _eeditor _9366 |
|
| 700 | 1 |
_aAbascal Carranza, José María, _eprologuista |
|
| 942 |
_h232.917 _iD445 _cLI _2ddc |
||
| 999 |
_c67779 _d67779 |
||